000 00254nam a22001217a 4500
003 SGT
082 _a080
_bC17M
100 _aMAZUMDAR, SUBHRA
245 _aCHITRAYATRA 1954-2017
260 _bLALIT KALA AKADEMI
_c2017
300 _a175
942 _2ddc
_cBK
999 _c31487
_d31487